<?xml version="1.0" encoding="UTF-8"?>
<record
    xmlns:xsi="http://www.w3.org/2001/XMLSchema-instance"
    xsi:schemaLocation="http://www.loc.gov/MARC21/slim http://www.loc.gov/standards/marcxml/schema/MARC21slim.xsd"
    xmlns="http://www.loc.gov/MARC21/slim">

  <leader>01295nam a22002297a 4500</leader>
  <controlfield tag="001">6189</controlfield>
  <controlfield tag="003">FISKH</controlfield>
  <controlfield tag="005">20250325110710.0</controlfield>
  <controlfield tag="008">250325b        cb ||||| |||| 00| 0 eng d</controlfield>
  <datafield tag="020" ind1=" " ind2=" ">
    <subfield code="a">9783442365517</subfield>
  </datafield>
  <datafield tag="040" ind1=" " ind2=" ">
    <subfield code="a">FISKH</subfield>
    <subfield code="b">dut</subfield>
    <subfield code="c">FISKH</subfield>
    <subfield code="d">FISKH</subfield>
  </datafield>
  <datafield tag="050" ind1=" " ind2=" ">
    <subfield code="a">PS3563.A7246 S43</subfield>
  </datafield>
  <datafield tag="082" ind1=" " ind2=" ">
    <subfield code="a"> 813.54  </subfield>
  </datafield>
  <datafield tag="245" ind1=" " ind2=" ">
    <subfield code="a">S&#xFC;sses geheimnis : </subfield>
    <subfield code="b">Roman / </subfield>
    <subfield code="c">Kat Martin ; Deutsch von Dinka Mrkowatschki </subfield>
  </datafield>
  <datafield tag="260" ind1=" " ind2=" ">
    <subfield code="a">M&#xFC;nchen : </subfield>
    <subfield code="b">Random House, </subfield>
    <subfield code="c">2006.</subfield>
  </datafield>
  <datafield tag="300" ind1=" " ind2=" ">
    <subfield code="a">413 pages :  </subfield>
    <subfield code="c">19 cm</subfield>
  </datafield>
  <datafield tag="520" ind1=" " ind2=" ">
    <subfield code="a">Fantasy. Fiction. Romance. Thriller. A new beginning was her only wish.... Chance McLain: wildly good-looking, superbly confident, he's everything Kat Rollins doesn't want when she lands in Lost Peak, Montana. "Multi-talented author Kat Martin continues to make a name for herself by producing irresistible novels that blend the eerie and unexplainable with her own uniquely sensual and exciting style." RT Book Reviews Kate may be determined to resist him, but Chance can't ignore the desire he feels for her on the suspicion that somebody wants her to leave Lost Peak. And the promise of a future together is tangled with the ghosts of her past....</subfield>
  </datafield>
  <datafield tag="650" ind1=" " ind2=" ">
    <subfield code="a">Romantic Suspense </subfield>
    <subfield code="x">Paranormal Series I</subfield>
    <subfield code="v">Romance </subfield>
  </datafield>
  <datafield tag="650" ind1=" " ind2=" ">
    <subfield code="a">Montana</subfield>
    <subfield code="v">Suspense</subfield>
  </datafield>
  <datafield tag="942" ind1=" " ind2=" ">
    <subfield code="2">ddc</subfield>
    <subfield code="c">BK</subfield>
    <subfield code="n">0</subfield>
  </datafield>
  <datafield tag="999" ind1=" " ind2=" ">
    <subfield code="c">6189</subfield>
    <subfield code="d">6189</subfield>
  </datafield>
  <datafield tag="952" ind1=" " ind2=" ">
    <subfield code="0">0</subfield>
    <subfield code="1">0</subfield>
    <subfield code="2">ddc</subfield>
    <subfield code="4">0</subfield>
    <subfield code="7">0</subfield>
    <subfield code="8">FIC</subfield>
    <subfield code="a">001</subfield>
    <subfield code="b">001</subfield>
    <subfield code="c">ATKSF</subfield>
    <subfield code="d">2025-03-25</subfield>
    <subfield code="l">0</subfield>
    <subfield code="o">MAR 813.54 PS3563.A7246 S43 </subfield>
    <subfield code="p">2025-0808</subfield>
    <subfield code="r">2025-03-25 11:07:06</subfield>
    <subfield code="w">2025-03-25</subfield>
    <subfield code="y">BK</subfield>
  </datafield>
</record>
